Capital city etymologies - Statistics

General Stats
  • This quiz has been taken 331 times
  • The average score is 9 of 20
Answer Stats
Meaning Region Capital % Correct
Good Airs South America Buenos Aires
94%
The Peace South America La Paz
75%
North Capital Asia Beijing
74%
Holy Saviour North America San Salvador
67%
East Capital Asia Tokyo
67%
Lion City Asia Singapore
64%
Red Hero Asia Ulan Bator
53%
Meeting Place Oceania Canberra
47%
Merchant's Harbour Europe Copenhagen
45%
Capital City Asia Seoul
44%
Capital City (until renamed in 2019) Asia Astana
39%
Black Pool Europe Dublin
32%
Anchor Middle East Ankara
30%
Smoky Bay Europe Reykjavik
30%
Sticky Tree Middle East Doha
27%
Muddy Confluence Asia Kuala Lumpur
23%
Beach Africa Praia
19%
End of an Elephant's Trunk Africa Khartoum
16%
Crocodile River Africa Bamako
15%
Palace Field Europe Sarajevo
14%
No matching quizzes found
Score Distribution
Percent of People with Each Score
Percentile by Number Answered
Your Score History
You have not taken this quiz